| 000 | 00414nam a2200169Ia 4500 | ||
|---|---|---|---|
| 008 | 221030s9999 xx 000 0 und d | ||
| 020 | _a0070447594 | ||
| 041 | _aEnglish | ||
| 082 |
_a105.23 _bSel |
||
| 100 | _aS. T. Selvi | ||
| 245 | 0 |
_aTest Your Skills in C _cby S. T. Selvi, R. Murugesan |
|
| 260 |
_bTMH _aNew Delhi _c2003 |
||
| 300 | _a263 | ||
| 650 | _aBE Computer | ||
| 700 | _aR. Murugesan | ||
| 942 | _cBK | ||
| 999 |
_c8437 _d8437 |
||